E-Welding Mo : an android-based tutorial for welding / (Record no. 3303)

MARC details
000 -LEADER
fixed length control field 02711nam a22003017a 4500
003 - CONTROL NUMBER IDENTIFIER
control field OSt
005 - DATE AND TIME OF LATEST TRANSACTION
control field 20240507213259.0
008 - FIXED-LENGTH DATA ELEMENTS--GENERAL INFORMATION
fixed length control field 240506b ||||| |||| 00| 0 eng d
040 ## - CATALOGING SOURCE
Language of cataloging English.
Transcribing agency CvSU-CCAT Campus Library.
Description conventions rda.
050 ## - LIBRARY OF CONGRESS CALL NUMBER
Classification number UM QA 76.758.A84
Item number C37 2019
100 ## - MAIN ENTRY--PERSONAL NAME
Personal name Carlos, Darren V., author.
9 (RLIN) 12057
245 ## - TITLE STATEMENT
Title E-Welding Mo : an android-based tutorial for welding /
Statement of responsibility, etc. Darren V. Carlos and John Carlo M. Suaverdez.
260 ## - PUBLICATION, DISTRIBUTION, ETC.
Place of publication, distribution, etc. Rosario, Cavite :
Name of publisher, distributor, etc. Cavite State University-CCAT Campus,
Date of publication, distribution, etc. 2019.
300 ## - PHYSICAL DESCRIPTION
Extent xii, 72 leaves :
Other physical details illustrations ;
Dimensions 28 cm
500 ## - GENERAL NOTE
General note A Capstone Project (BSInfoTech) -- Cavite State University-CCAT Campus, 2018.
504 ## - BIBLIOGRAPHY, ETC. NOTE
Bibliography, etc. note Includes bibliographical references and appendices.
520 ## - SUMMARY, ETC.
Thesis Abstract <a href="CARLOS DARREN V., SUAVERDEZ JOIN CARLO M. E-Welding Mo: An Android-Based Tutorial For Welding. Undergraduate Thesis. Department of Computer Studies Cavite State University-Cavite College of Arts and Trades Campus, Rosario, Cavite. May 2019 Adviser. Mr. Aries M. Gelera.<br/><br/>The study was conducted from May 2018 to April 2019 and was focused on developing an application for the people who wants to learn about welding. This is also to familiarize aspirant's welders what is inside about welding. In this study, the researchers able to meet the objective of the research which is to develop an application capable of educating the users about welding<br/><br/>The researcher used the unified Model as the basis to develop the application The Unified Model is a Methodology designed to develop application for first and accurate format The researcher used this model since its focus on exchange of ideas and message taking place to both user and the application.<br/><br/>The results of the statistical analysis of data revealed that the application was helpful and effective to the people want to learn how to cook native dishes. The users appreciated the application because it can explain the step by step process of how to cook native dishes of rach recipe and have a trivia about the recipe they pick. The application is user friendly, easy to understand and very useful to the people who like cooking and other people want to learned how to cook a native dishes of the Philippines.">CARLOS DARREN V., SUAVERDEZ JOIN CARLO M. E-Welding Mo: An Android-Based Tutorial For Welding. Undergraduate Thesis. Department of Computer Studies Cavite State University-Cavite College of Arts and Trades Campus, Rosario, Cavite. May 2019 Adviser. Mr. Aries M. Gelera.<br/><br/>The study was conducted from May 2018 to April 2019 and was focused on developing an application for the people who wants to learn about welding. This is also to familiarize aspirant's welders what is inside about welding. In this study, the researchers able to meet the objective of the research which is to develop an application capable of educating the users about welding<br/><br/>The researcher used the unified Model as the basis to develop the application The Unified Model is a Methodology designed to develop application for first and accurate format The researcher used this model since its focus on exchange of ideas and message taking place to both user and the application.<br/><br/>The results of the statistical analysis of data revealed that the application was helpful and effective to the people want to learn how to cook native dishes. The users appreciated the application because it can explain the step by step process of how to cook native dishes of rach recipe and have a trivia about the recipe they pick. The application is user friendly, easy to understand and very useful to the people who like cooking and other people want to learned how to cook a native dishes of the Philippines.</a>
546 ## - LANGUAGE NOTE
Language note In English text.
650 ## - SUBJECT ADDED ENTRY--TOPICAL TERM
Topical term or geographic name entry element Android application -- Welding.
9 (RLIN) 12264
650 ## - SUBJECT ADDED ENTRY--TOPICAL TERM
Topical term or geographic name entry element Welding tutorial.
9 (RLIN) 12265
650 ## - SUBJECT ADDED ENTRY--TOPICAL TERM
Topical term or geographic name entry element Welding training.
9 (RLIN) 12266
650 ## - SUBJECT ADDED ENTRY--TOPICAL TERM
Topical term or geographic name entry element Welding process.
9 (RLIN) 12267
700 ## - ADDED ENTRY--PERSONAL NAME
Personal name Suaverdez, John Carlo M., author.
9 (RLIN) 12058
700 ## - ADDED ENTRY--PERSONAL NAME
Personal name Gelera, Aries M., adviser.
9 (RLIN) 9116
700 ## - ADDED ENTRY--PERSONAL NAME
Personal name Ignacio, Mary Ann E., technical critic.
9 (RLIN) 11884
942 ## - ADDED ENTRY ELEMENTS (KOHA)
Source of classification or shelving scheme Library of Congress Classification
Koha item type Thesis/Manuscripts/Dissertations
Classification part QA 76.758.A84 C37 2019
Call number prefix UM
Holdings
Withdrawn status Lost status Source of classification or shelving scheme Damaged status Not for loan Collection code Home library Current library Shelving location Date acquired Coded location qualifier Full call number Barcode Date last seen Copy number Price effective from Koha item type
    Library of Congress Classification     Thesis/Manuscript/Dissertation Cavite State University - CCAT Campus Cavite State University - CCAT Campus TH 12/02/2019 UM UM QA 76.758.A84 C37 2019 T0005102 10/24/2025 1 05/06/2024 Thesis/Manuscripts/Dissertations